• 首页
  • 本馆介绍
  • 公告通知
  • 最新文献
  • 馆藏检索
  • 电子资源
  • 读者导购
  • 参考咨询
  • 我的图书馆
  • 登录
  • 详细信息显示
  • 放入我的书架
  • 预约/预借图书
  • 作者相关作品
  • 分类相关作品
  • 丛书相关作品
  • 出版社相关作品

书目信息

  • 表格格式
  • 工作单格式
  • 卡片格式
题名:
城镇天然气管道工程手册
    
 
作者: 袁国汀 主编
分册:  
出版信息: 北京   中国建筑工业出版社  2015.02
页数: 16,672页
开本: 26cm
丛书名:
单 册:
中图分类: TE973-62 , TE973-62
科图分类:
主题词: 天然气管道--管道工程--手册
电子资源:
ISBN: 978-7-112-17158-3
000 01152nam0 2200253 450
001 0120151536354
005 20170324112832.48
010    @a978-7-112-17158-3@dCNY98.00
100    @a20150413d2015 em y0chiy50 ea
101 0  @achi
102    @aCN@b110000
105    @aak z 000yy
106    @ar
200 1  @a城镇天然气管道工程手册@9cheng zhen tian ran qi guan dao gong cheng shou ce@e设计·材料·施工@f袁国汀主编
210    @a北京@c中国建筑工业出版社@d2015.02
215    @a16,672页@c图@d26cm
330    @a本书包括设计、材料、施工3部分。设计部分包括:城镇天然气及性质;城镇天然气用气负荷;城镇天然气输配系统;调压及计量设施;天然气庭院及室内管道设计;天然气管道的架空敷设;天然气管道的水力计算。材料部分包括:管道材料;钢制管法兰、垫片、紧固件;管件;阀门;管道附件、型钢及焊条。施工部分包括:城镇天然气管道的埋地敷设;钢制管道的防腐;架空天然气管道安装;试压与验收等内容。
333    @a从事天然气管道工程的设计、施工、管理、维护人员
606 0  @a天然气管道@x管道工程@j手册
690    @aTE973-62@v5
690    @aTE973-62@v4
701  0 @a袁国汀@9yuan guo ting@4主编
801  0 @aCN@b人天书店@c20150413
905    @b980996-98@dTE973-62@e44@f3
    
    城镇天然气管道工程手册:设计·材料·施工/袁国汀主编.-北京:中国建筑工业出版社,2015.02
    16,672页:图;26cm
    使用对象:从事天然气管道工程的设计、施工、管理、维护人员
    
    ISBN 978-7-112-17158-3:CNY98.00
    本书包括设计、材料、施工3部分。设计部分包括:城镇天然气及性质;城镇天然气用气负荷;城镇天然气输配系统;调压及计量设施;天然气庭院及室内管道设计;天然气管道的架空敷设;天然气管道的水力计算。材料部分包括:管道材料;钢制管法兰、垫片、紧固件;管件;阀门;管道附件、型钢及焊条。施工部分包括:城镇天然气管道的埋地敷设;钢制管道的防腐;架空天然气管道安装;试压与验收等内容。
●
相关链接 在E读中查询图书 在五车中查询图书 在当当中查询图书 在豆瓣中查询图书


正题名:城镇天然气管道工程手册     索取号:TE973-62/44         预约/预借

序号 登录号 条形码 馆藏地/架位号 状态 备注
1 980996   209809965   第二样本阅览室/ [索取号:TE973-62/44] 在馆    
2 980997   209809974   第三借阅区/ [索取号:TE973-62/44] 在馆    
3 980998   209809983   密集书库-化学系/ [索取号:TE973-62/44] 在馆    
唐山师范学院图书馆 欢迎您!
大连网信软件有限公司© 版权所有